000 00283nam a22001217a 4500
041 _aENG
100 _aGuide.U
245 _aFor Distribution Only Witha New Pc
260 _aDelhi
_bMicrosoft Corporation
_c1991
300 _a266
650 _aComputer (22)
856 _uComputer (22)
999 _c3025
_d3025